| 000 | 00373nam a2200145Ia 4500 | ||
|---|---|---|---|
| 008 | 230312s9999||||xx |||||||||||||| ||und|| | ||
| 020 | _a0-307-34564-6 | ||
| 082 |
_a704.942 _bMAT-K |
||
| 100 | _aMatthay;Melissa | ||
| 245 | 0 | _aKnits Three Ways | |
| 260 |
_bMelissa Mathay _aChina _c2007 |
||
| 300 | _a158 | ||
| 650 |
_aArchitecture _vArchitecture/Art & Design |
||
| 942 | _cBK | ||
| 999 |
_c11535 _d11535 |
||